| 000 | 01357nam1a2200289 4500 | ||
|---|---|---|---|
| 001 | RU\NLR\BIBL_A\022683625 | ||
| 005 | 20251228051134.0 | ||
| 035 | _a(NLR Aleph) 022683625 | ||
| 090 |
_a13507163 _c13507163 |
||
| 100 | _a20251228 rusy50 | ||
| 101 | 0 | _arus | |
| 102 | _aRU | ||
| 105 | _a j | ||
| 181 | 0 |
_ai _baxxe |
|
| 182 | 0 | _an | |
| 200 | 1 |
_aМакроэкономика _eучебное пособие _eв соответствии с актуальными требованиями Федерального государственного образовательногостандарта высшего образования _fЛ. М. Фидарова _gЧОУ ВО "Владикавказский институт управления" |
|
| 203 |
_aТекст _bвизуальный _cнепосредственный |
||
| 210 |
_aВладикавказ _cВИУ _d2025- |
||
| 215 | _d20 | ||
| 606 | 1 |
_aМакроэкономика _jУчебные издания для высших учебных заведений _91518341 _3RU\NLR\AUTH\66659814 |
|
| 686 | 1 | _aУ010.3я73 | |
| 700 | 1 |
_7ca _8rus _aФидарова _bЛ. М. _gЛариса Магометовна _9251890 _3RU\NLR\AUTH\770251946 |
|
| 852 |
_aNLR _j2025-3/26342 |
||
| 942 | _cBOOK | ||
| 980 | _aNB | ||